• 首页
  • 本馆介绍
  • 公告通知
  • 最新文献
  • 馆藏检索
  • 电子资源
  • 读者导购
  • 参考咨询
  • 我的图书馆
  • 登录
  • 详细信息显示
  • 放入我的书架
  • 预约/预借图书
  • 作者相关作品
  • 分类相关作品
  • 丛书相关作品
  • 出版社相关作品

书目信息

  • 表格格式
  • 工作单格式
  • 卡片格式
题名:
运动医学
    
 
作者: ;体育院、系教材编审委员会《运动医学》编写组 编
分册:  
出版信息: 北京   人民体育出版社  1978
页数: 200页
开本: 26cm
丛书名:
单 册:
中图分类: R87
科图分类:
主题词: 运动医学--高等学校--教材 , 运动医学
电子资源:
ISBN:
000 00844nam0 2200253 45
001 0178000898
005 20060417093716.95
010    @dCNY1.35
091    @a7015.1680
100    @a19950811d1978 em y0chiy0121 ea
101 0  @achi
102    @aCN@b110000
105    @ay z 000yy
200 10 @a运动医学@Ayun dong yi xue@f体育院、系教材编审委员会《运动医学》编写组编@Fti yu yuan、xi jiao cai bian shen wei yuan hui《yun dong yi xue》bian xie zu bian
210    @a北京@c人民体育出版社@d1978
215    @a200页@d26cm
300    @a国内发行
300    @a体育系通用教材
606    @a运动医学@x高等学校@x教材
606 0  @a运动医学
690    @aR87@v4
711  0 @a体育院、系教材编审委员会《运动医学》编写组@Ati yu yuan、xi jiao cai bian shen wei yuan hui《yun dong yi xue》bian xie zu@4编
801  0 @aCN@bNLC@c20060417
905    @dR87@e6
    
    运动医学/体育院、系教材编审委员会《运动医学》编写组编.-北京:人民体育出版社,1978
    200页;26cm
    国内发行.-体育系通用教材
    
    ISBN :CNY1.35
    
●
相关链接 在E读中查询图书 在五车中查询图书 在当当中查询图书 在豆瓣中查询图书


正题名:运动医学     索取号:R87/6         预约/预借

序号 登录号 条形码 馆藏地/架位号 状态 备注
1 0005923   000714043   密集书库/ [索取号:R87/6] 在馆    
2 0094385   000714034   密集书库/ [索取号:R87/6] 在馆    
唐山师范学院图书馆 欢迎您!
大连网信软件有限公司© 版权所有